She: A History of Adventure Franchise - Statistics

General Stats
  • This quiz has been taken 6 times
  • The average score is 8 of 12
Answer Stats
Type Year Name Info % Correct
Film 1916 She Lucoque
100%
Film 1917 She Fox Film Corporation
100%
Film 1925 She Lee-Bradford Corporation
100%
Film 1935 She RKO Radio Pictures
100%
Film 1965 She Warner-Pathé / MGM
100%
Film 1982 She Filmhansa / J.F. Films de Distribución S.A.
100%
Novel 1886-1887 She: A History of Adventure H. Rider Haggard
100%
Novel 1905 Ayesha, the Return of She H. Rider Haggard
20%
Novel 1921 She and Allan H. Rider Haggard
20%
Film 1968 The Vengeance of She Warner-Pathé / 20th Century Fox
20%
Short Film 1899 The Pillar of Fire Star-Film
0%
Novel 1923 Wisdom's Daughter: The Life and Love Story of She-Who-Must-Be-Obeyed H. Rider Haggard
0%
No matching quizzes found
Score Distribution
Percent of People with Each Score
Percentile by Number Answered
Your Score History
You have not taken this quiz